[Event "FH"]
[Site "SchemingMind.com"]
[Date "2022.01.03"]
[Round "-"]
[White "Kenny Elliott"]
[Black "Derek Price"]
[Result "0-1"]
[WhiteCountry "USA"]
[BlackCountry "ENG"]
[WhiteElo "1512"]
[WhiteRD "71"]
[BlackElo "2255"]
[BlackRD "69"]
[GameID "719111"]

1. d4 d5 2. c4 c6 3. Nc3 Nf6 4. Nf3 e6 5. Bg5 h6 6. Bh4 dxc4 7. e4 g5 8. Bg3 b5 9. a3 a6 10. Be5 Bb7
11. Be2 Nbd7 12. O-O Nxe5 13. Nxe5 Qc7 14. Bh5 Nxh5 15. Qxh5 c5 16. Ng4 cxd4 17. Nd5 exd5 18. Nf6+ Kd8 19. exd5 Bg7 20. Qf3 Qf4
21. Qxf4 gxf4 22. Nh5 Be5 23. Rae1 f6 24. Ng7 Bxd5 25. Nf5 d3 26. Rd1 Bxb2 27. Rfe1 Bxa3 28. Nd4 Kd7 29. Nf5 Rag8 30. Nh4 Bb4
31. Rf1 Bxg2 32. Nxg2 f3 33. Ra1 Rxg2+ 34. Kh1 Bd6 35. Rxa6 Rxh2+ 36. Kg1 Rg8#
0-1

[Event "FH"]
[Site "SchemingMind.com"]
[Date "2022.01.03"]
[Round "-"]
[White "Geoffrey Rosser"]
[Black "Kenny Elliott"]
[Result "1-0"]
[WhiteCountry "ENG"]
[BlackCountry "USA"]
[WhiteElo "1849"]
[WhiteRD "63"]
[BlackElo "1541"]
[BlackRD "67"]
[GameID "719112"]

1. e4 c5 2. c3 e5 3. Nf3 d6 4. Bb5+ Bd7 5. Bxd7+ Nxd7 6. O-O Ngf6 7. Re1 Be7 8. d4 cxd4 9. cxd4 Qb6 10. Nc3 O-O
11. d5 Nc5 12. Re2 Rfe8 13. Be3 Qc7 14. Rc1 Qd7 15. Bxc5 dxc5 16. Nxe5 Qd6 17. Nf3 Qf4 18. e5 Ng4 19. d6 Bg5 20. Rcc2 Rad8
21. Nd5 Qa4 22. Nxg5 Nxe5 23. Qb1 Rxd6 24. Rcd2 Qc6 25. Qxh7+ Kf8 26. Qh8#
1-0

[Event "FH"]
[Site "SchemingMind.com"]
[Date "2022.01.03"]
[Round "-"]
[White "Phillip Beckett"]
[Black "Kenny Elliott"]
[Result "0-1"]
[WhiteCountry "ENG"]
[BlackCountry "USA"]
[WhiteElo "1488"]
[WhiteRD "55"]
[BlackElo "1541"]
[BlackRD "67"]
[GameID "719113"]

1. d4 d5 2. e3 Nf6 3. Bd3 Nc6 4. f4 Bg4 5. Nf3 Ne4 6. O-O e6 7. Qe1 Nb4 8. a3 Nxd3 9. cxd3 Nd6 10. Ne5 Bf5
11. Qe2 Be7 12. Bd2 O-O 13. Nc3 f6 14. Nf3 a5 15. Na4 b6 16. Rac1 Qe8 17. Nc3 b5 18. e4 dxe4 19. dxe4 Bg4 20. e5 Nc4
21. Rc2 Bf5 22. Bc1 Bxc2 23. Qxc2 fxe5 24. Nxe5 Nxe5 25. fxe5 b4 26. axb4 Bxb4 27. Rxf8+ Qxf8
0-1

[Event "FH"]
[Site "SchemingMind.com"]
[Date "2022.01.03"]
[Round "-"]
[White "JAHI"]
[Black "Kenny Elliott"]
[Result "1-0"]
[WhiteCountry "INT"]
[BlackCountry "USA"]
[WhiteElo "2044"]
[WhiteRD "69"]
[BlackElo "1512"]
[BlackRD "71"]
[GameID "719114"]

1. f3 e5 2. g3 d5 3. Bg2 Nf6 4. d3 Bc5 5. Bg5 h6 6. Bxf6 Qxf6 7. Nc3 c6 8. Qc1 Bb4 9. a3 Bxc3+ 10. bxc3 Be6
11. Nh3 Nd7 12. Nf2 e4 13. d4 exf3 14. exf3 O-O 15. Nd3 c5 16. Qf4 cxd4 17. Qxf6 Nxf6 18. cxd4 Bf5 19. Kd2 Bxd3 20. Kxd3 Rfe8
21. Rhb1 Rab8 22. a4 b6 23. c3 a5 24. f4 Ne4 25. Bxe4 dxe4+ 26. Kd2 e3+ 27. Kd3 e2 28. Re1 Rbc8 29. Ra2 Rc6 30. Raxe2 Rec8
31. Re8+ Kh7 32. Rxc8 Rxc8 33. h3 Rb8 34. Rb1 f5 35. c4 g5 36. c5 gxf4 37. gxf4 Kg7 38. Kc4 Kf6 39. Rxb6+ Rxb6 40. cxb6 Ke7
41. b7 Kd7 42. b8=Q
1-0

[Event "FH"]
[Site "SchemingMind.com"]
[Date "2022.01.03"]
[Round "-"]
[White "Kenny Elliott"]
[Black "Xuvmok"]
[Result "0-1"]
[WhiteCountry "USA"]
[BlackCountry "SWE"]
[WhiteElo "1541"]
[WhiteRD "67"]
[BlackElo "2218"]
[BlackRD "67"]
[GameID "719115"]

1. d4 d5 2. Nf3 c6 3. Nc3 Nf6 4. Bf4 Qb6 5. Rb1 Ne4 6. Qd3 Nxc3 7. Qxc3 e5 8. Bxe5 Bb4 9. Qxb4 Qxb4+ 10. c3 Qa4
11. a3 Bf5 12. Ra1 Qc2 13. Rd1 Qxb2 14. e3 Qxc3+ 15. Nd2 Qxa3 16. Bxb8 Rxb8 17. Be2 Bc2 18. O-O Bxd1 19. Rxd1 O-O 20. h3 f5
21. Bf1 f4 22. e4 Qa4
0-1

[Event "FH"]
[Site "SchemingMind.com"]
[Date "2022.01.04"]
[Round "-"]
[White "Geoffrey Rosser"]
[Black "Derek Price"]
[Result "0-1"]
[WhiteCountry "ENG"]
[BlackCountry "ENG"]
[WhiteElo "1849"]
[WhiteRD "63"]
[BlackElo "2295"]
[BlackRD "67"]
[GameID "719116"]

1. e4 c5 2. c3 Nf6 3. Bd3 Nc6 4. f4 e5 5. fxe5 Nxe5 6. Bc2 c4 7. Nf3 Nd3+ 8. Bxd3 cxd3 9. O-O Bc5+ 10. Kh1 Nxe4
11. Nd4 O-O 12. Qf3 d5 13. Qxd3 Qh4 14. Qf3 Bd6 15. h3 Ng3+ 16. Kg1 Nxf1 17. Kxf1 Re8 18. Qf2 Bg3 19. Nf3 Qc4+
0-1

[Event "FH"]
[Site "SchemingMind.com"]
[Date "2022.01.03"]
[Round "-"]
[White "JAHI"]
[Black "Derek Price"]
[Result "0-1"]
[WhiteCountry "INT"]
[BlackCountry "ENG"]
[WhiteElo "2156"]
[WhiteRD "66"]
[BlackElo "2334"]
[BlackRD "74"]
[GameID "719117"]

1. f3 d5 2. f4 g6 3. Nf3 Bg7 4. g3 Nf6 5. Bg2 O-O 6. Kf1 c5 7. Kg1 Nc6 8. Qf1 Re8 9. Nc3 Nd4 10. Nxd4 cxd4
11. Nd1 Qb6 12. e3 dxe3 13. Nxe3 Bd7 14. Qf2 Rac8 15. d3 d4 16. Nd5 Nxd5 17. Bxd5 Rc5 18. Bb3 Bc6 19. h3 Bxh1 20. Kxh1 e6
21. Kg1 Rec8 22. Qe2 a6 23. a3 Rh5 24. h4 Rhc5 25. Qd1 h5 26. Bd2 Qc6 27. Qe2 Qd7 28. Bb4 Rf5 29. Bd2 e5 30. Re1 exf4
31. Bxf4 Bf8 32. Bd2 Kh7 33. Bg5 b5 34. Qg2 Re8 35. Re4 Bh6 36. Qe2 Rf8 37. Bxh6 Kxh6 38. Qe1 Kg7 39. Kh2 Qd6 40. Kg1 a5
41. c3 dxc3 42. Qxc3+ Kh7 43. Kg2 a4 44. Bd1 Rc5 45. Qd2 Rfc8 46. Kh2 Kg7 47. Rf4 Rd5 48. Rf3 Rc7 49. Be2 Rd4 50. Kg2 Qc6
51. Bd1 Qc1 52. Rf2 Qxd2 53. Rxd2 Re7 54. Bf3 f5 55. Bc6 Re5 56. Bf3 Re3 57. Bc6 Rg4 58. Bf3 Rd4 59. Bc6 Rexd3 60. Rxd3 Rxd3
61. Bxb5 Rd2+ 62. Kf3 Rxb2 63. Bxa4 Ra2 64. Bb5 Rxa3+ 65. Kf4 Kf6 66. Be8 Rb3 67. Bd7 Rb4+ 68. Kf3 g5 69. hxg5+ Kxg5 70. Kf2 Kg4
71. Be6 Rd4 72. Bc8 Rd3 73. Ba6 Rf3+ 74. Ke1 Kxg3 75. Bb7 Rf2 76. Kd1 f4 77. Be4 f3 78. Kc1 h4 79. Kb1 h3 80. Bc2 h2
81. Kb2 h1=Q 82. Kc3 Rxc2+ 83. Kxc2 Qh4 84. Kb3 f2 85. Ka2 f1=Q 86. Kb2 Qhc4 87. Ka3 Qfc1#
0-1

[Event "FH"]
[Site "SchemingMind.com"]
[Date "2022.01.03"]
[Round "-"]
[White "Derek Price"]
[Black "Xuvmok"]
[Result "1/2-1/2"]
[WhiteCountry "ENG"]
[BlackCountry "SWE"]
[WhiteElo "2255"]
[WhiteRD "69"]
[BlackElo "2184"]
[BlackRD "63"]
[GameID "719118"]

1. c4 c6 2. g3 d5 3. Bg2 Nf6 4. Qc2 e5 5. d3 Be6 6. Nf3 Bd6 7. O-O O-O 8. Nbd2 Nbd7 9. b3 h6 10. Bb2 Re8
11. c5 Nxc5 12. Bxe5 Bg4 13. Bxd6 Qxd6 14. Rfe1 Rad8 15. b4 Ne6 16. a3 Bxf3 17. Nxf3 d4 18. Qd2 Qd5 19. a4 a6 20. Qb2 Qh5
21. b5 cxb5 22. axb5 Qxb5 23. Qxb5 axb5 24. Ra5 b4 25. Nd2 Nc7= 26. Bxb7 Rb8 27. Bc6 Rec8 28. Nb3 Rb6 29. Ba4 Ne6 30. Bb5 g5
31. Bc4 Kg7 32. Rb1 Rd8 33. Kg2 Kg6 34. Rb2 Rd7 35. h3 Nd8 36. Rba2 Rdd6 37. Nd2 Nc6 38. Ra8 Kg7 39. Bb3 Rb7 40. Nc4 Rd5
41. Rc8 Ne7 42. Rca8 Nc6 43. R2a6 Rc7 44. Ba4 Rc5 45. Nd6 Ne7 46. R8a7 Rxa7 47. Rxa7 Re5 48. Nc4 Rxe2 49. Rb7 Ned5 50. Bb3 Kg6
51. Kf1=
1/2-1/2

[Event "FH"]
[Site "SchemingMind.com"]
[Date "2022.01.03"]
[Round "-"]
[White "Geoffrey Rosser"]
[Black "JAHI"]
[Result "0-1"]
[WhiteCountry "ENG"]
[BlackCountry "INT"]
[WhiteElo "1833"]
[WhiteRD "63"]
[BlackElo "2044"]
[BlackRD "69"]
[GameID "719119"]

1. e4 a6 2. d4 g6 3. f4 Bg7 4. Nf3 d6 5. Bc4 h6 6. O-O Bg4 7. Qd3 Bxf3 8. Rxf3 Nc6 9. c3 e6 10. a3 Nce7
11. Nd2 d5 12. exd5 exd5 13. Ba2 h5 14. Re3 Nh6 15. Nf3 Kf8 16. Bd2 c6 17. Rae1 Nhf5 18. R3e2 Bf6 19. Ng5 Nd6 20. Bb1 Nef5
21. Nf3 Kg7 22. Ne5 Qc7 23. b3 Rae8 24. c4 h4 25. cxd5 cxd5 26. Rc1 Qb6 27. Rc5 Nb5 28. Be3 Nxa3 29. Nd7 Qe6 30. Ne5 Nxb1
31. Qxb1 Bd8 32. Bf2 f6 33. Nxg6 Qxe2 34. Rxd5 Rh5 35. Nxh4 Nxh4 36. Rd7+ Kh8
0-1

[Event "FH"]
[Site "SchemingMind.com"]
[Date "2022.01.03"]
[Round "-"]
[White "Xuvmok"]
[Black "Geoffrey Rosser"]
[Result "1-0"]
[WhiteCountry "SWE"]
[BlackCountry "ENG"]
[WhiteElo "2218"]
[WhiteRD "67"]
[BlackElo "1849"]
[BlackRD "63"]
[GameID "719120"]

1. e4 e5 2. Nf3 Nc6 3. Bc4 Nf6 4. Ng5 d5 5. exd5 Na5 6. Bb5+ c6 7. dxc6 bxc6 8. Be2 h6 9. Nh3 Bd6 10. d3 O-O
11. Nc3 Nd5 12. Ne4 Bc7 13. O-O f5 14. Nc3 Nb7 15. Nxd5 cxd5 16. d4 f4 17. dxe5 Bxe5 18. Bf3 Be6 19. Re1 Rf5 20. Bg4 Qd6
21. Bxf5 Bxf5 22. Bxf4 Bxf4 23. Nxf4 Qxf4 24. Qxd5+ Kh7 25. g3 Qg4 26. Qxb7 Rd8 27. Qxa7 Bxc2 28. Re7 Rd1+ 29. Rxd1 Bxd1 30. Qd7 Qg5
31. Qd3+
1-0

[Event "FH"]
[Site "SchemingMind.com"]
[Date "2022.01.03"]
[Round "-"]
[White "Derek Price"]
[Black "Phillip Beckett"]
[Result "1-0"]
[WhiteCountry "ENG"]
[BlackCountry "ENG"]
[WhiteElo "2295"]
[WhiteRD "67"]
[BlackElo "1488"]
[BlackRD "55"]
[GameID "719121"]

1. c4 e5 2. Nc3 Nf6 3. Nf3 Nc6 4. g3 Bb4 5. Bg2 d5 6. cxd5 Nxd5 7. Nxe5 Bxc3 8. Nxc6 Bxd2+ 9. Bxd2 bxc6 10. Qc2 O-O
11. Qxc6 Be6 12. Rd1 Ne7 13. Qxa8 Qxa8 14. Bxa8
1-0

[Event "FH"]
[Site "SchemingMind.com"]
[Date "2022.01.03"]
[Round "-"]
[White "Phillip Beckett"]
[Black "Geoffrey Rosser"]
[Result "0-1"]
[WhiteCountry "ENG"]
[BlackCountry "ENG"]
[WhiteElo "1488"]
[WhiteRD "55"]
[BlackElo "1849"]
[BlackRD "63"]
[GameID "719122"]

1. d4 Nf6 2. e3 d5 3. Bd3 c5 4. c3 cxd4 5. exd4 Nc6 6. Nf3 Ng4 7. O-O e5 8. dxe5 Bc5 9. h3 Ngxe5 10. Nxe5 Nxe5
11. Bb5+ Nc6 12. Re1+ Be6 13. Nd2 Bxf2+ 14. Kxf2 Qb6+ 15. Kf1 Qxb5+ 16. Kg1 O-O 17. Kh1 Rad8 18. Nb3 d4 19. Nxd4 Nxd4 20. cxd4 Qd5
21. Be3 Bxh3 22. Qe2 Rfe8 23. Qf2 Re6 24. Bd2 Rf6 25. Qg3 Be6 26. Kg1 Rg6 27. Qf2 Bh3 28. Kh2 Rxg2+ 29. Qxg2 Qxg2#
0-1

[Event "FH"]
[Site "SchemingMind.com"]
[Date "2022.01.03"]
[Round "-"]
[White "Phillip Beckett"]
[Black "JAHI"]
[Result "0-1"]
[WhiteCountry "ENG"]
[BlackCountry "INT"]
[WhiteElo "1430"]
[WhiteRD "55"]
[BlackElo "2044"]
[BlackRD "69"]
[GameID "719123"]

1. d4 a6 2. e3 g6 3. Bd3 Bg7 4. Nd2 Kf8 5. f4 f6 6. Ngf3 f5 7. O-O Nf6 8. Ne5 d6 9. Nef3 e6 10. c3 Nc6
11. e4 Bd7 12. e5 Nd5 13. Nb3 Qe7 14. Ng5 h6 15. Nf3 Re8 16. Qe2 Kg8 17. Bd2 Qf8 18. Nh4 Nde7 19. Rf3 Rh7 20. Rg3 dxe5
21. fxe5 g5 22. Nf3 Nd8 23. h3 Kh8 24. Nh2 Ng6 25. Kh1 Qf7 26. Rf1 Rg8 27. Nf3 Nf4 28. Bxf4 gxf4 29. Rxg7 Rhxg7 30. Nh4 Bc6
31. Rf2 Rg3 32. Nf3 Qg6 33. Nh4 Qg5 34. Nf3 Bxf3 35. gxf3 Rg1+ 36. Kh2 Qg3#
0-1

[Event "FH"]
[Site "SchemingMind.com"]
[Date "2022.01.03"]
[Round "-"]
[White "Xuvmok"]
[Black "Phillip Beckett"]
[Result "1-0"]
[WhiteCountry "SWE"]
[BlackCountry "ENG"]
[WhiteElo "2218"]
[WhiteRD "67"]
[BlackElo "1488"]
[BlackRD "55"]
[GameID "719124"]

1. e4 e5 2. Nf3 Nc6 3. Bc4 Nf6 4. Ng5 Bc5 5. b4 Bb6 6. Nxf7 Bxf2+ 7. Kf1 Qe7 8. Nxh8 d5 9. exd5 Nd4 10. Kxf2 Ne4+
11. Kg1 Qh4 12. Qf1 Bf5 13. c3 Nf3+ 14. Qxf3 Qe1+ 15. Bf1 O-O-O 16. Qxf5+ Kb8 17. Nf7 Rf8 18. Na3 Nxd2 19. Nc2
1-0

[Event "FH"]
[Site "SchemingMind.com"]
[Date "2022.01.03"]
[Round "-"]
[White "Kenny Elliott"]
[Black "Chessibelle"]
[Result "1-0"]
[WhiteCountry "USA"]
[BlackCountry "ENG"]
[WhiteElo "1541"]
[WhiteRD "67"]
[BlackElo "1014"]
[BlackRD "65"]
[GameID "719125"]

1. d4 d5 2. c4 Nf6 3. Nc3 e6 4. Nf3 g6 5. Bf4 a6 6. Ne5 Be7 7. Qa4+ c6 8. cxd5 O-O 9. dxe6 Bxe6 10. Bh6 Re8
11. e3 b5 12. Qc2 Bf5 13. Bd3 Bc8 14. Bxg6 fxg6 15. Nxg6 Bd6 16. O-O c5 17. dxc5 Bxc5 18. Rad1 Nbd7 19. Bg5 Ba7 20. Nf4 Bb8
21. Nfd5 Rf8 22. Nxf6+ Rxf6 23. Bxf6 Qxf6 24. Ne4 Qe5 25. Qxc8+ Kg7 26. Rxd7+ Kh6 27. Qf8+ Kh5 28. Rxh7+ Kg4 29. f3#
1-0

[Event "FH"]
[Site "SchemingMind.com"]
[Date "2022.01.03"]
[Round "-"]
[White "Derek Price"]
[Black "Chessibelle"]
[Result "1-0"]
[WhiteCountry "ENG"]
[BlackCountry "ENG"]
[WhiteElo "2295"]
[WhiteRD "67"]
[BlackElo "1014"]
[BlackRD "65"]
[GameID "719126"]

1. c4 d6 2. d4 Nf6 3. Nf3 Bd7 4. Nc3 g6 5. h3 Bg7 6. e4 O-O 7. Be2 Re8 8. e5 Nc6 9. exf6 exf6 10. O-O h6
11. d5 Nb4 12. a3 Na6 13. b4 c6 14. Bb2 Nc7 15. dxc6 bxc6 16. Qxd6 f5 17. Rad1 Re7 18. Qd2 Qc8 19. Rfe1 Bf8 20. Na4 c5
21. Nxc5 Re8 22. Qc3 Bg7 23. Qxg7#
1-0

[Event "FH"]
[Site "SchemingMind.com"]
[Date "2022.01.03"]
[Round "-"]
[White "Chessibelle"]
[Black "Geoffrey Rosser"]
[Result "0-1"]
[WhiteCountry "ENG"]
[BlackCountry "ENG"]
[WhiteElo "1014"]
[WhiteRD "65"]
[BlackElo "1849"]
[BlackRD "63"]
[GameID "719127"]

1. Nf3 c5 2. Nc3 Nc6 3. e3 d5 4. g3 e5 5. Be2 Bh3 6. b3 e4 7. Nh4 Be7 8. d3 g5 9. Bg4 Bxg4 10. Qxg4 gxh4
11. dxe4 Bf6 12. Ba3 Bxc3+ 13. Ke2 Bxa1 14. Rxa1 Qf6 15. f4 Qxa1 16. Qxh4 Qxa2 17. Bxc5 Qxc2+ 18. Kf3 dxe4+ 19. Kg4 Qxc5 20. f5 Qxe3
21. Kh5 Qh6+ 22. Kg4 Nf6+ 23. Kh3 Qxh4+ 24. Kxh4 e3
0-1

[Event "FH"]
[Site "SchemingMind.com"]
[Date "2022.01.03"]
[Round "-"]
[White "Chessibelle"]
[Black "Phillip Beckett"]
[Result "0-1"]
[WhiteCountry "ENG"]
[BlackCountry "ENG"]
[WhiteElo "1014"]
[WhiteRD "65"]
[BlackElo "1488"]
[BlackRD "55"]
[GameID "719128"]

1. Nf3 Nf6 2. h3 b6 3. d4 Bb7 4. e3 e6 5. Nc3 Be7 6. Be2 O-O 7. O-O c5 8. Qd3 cxd4 9. exd4 d5 10. a3 Nc6
11. Be3 Qc7 12. Nh2 a5 13. g3 Ba6 14. Nb5 Bxb5 15. Qxb5 Na7 16. Qd3 Rfc8 17. c3 Qc4 18. Qd2 Qc7 19. Bd3 Ne4 20. Qc2 Nxg3
21. fxg3 b5 22. Qf2 b4 23. Qxf7+ Kh8 24. Qh5 g6 25. Bxg6 Qxg3+ 26. Kh1 Qxg6 27. Qe5+ Qg7 28. Qh5 Rg8 29. Qf3 Raf8 30. Qe2 bxa3
31. b3 Qg6 32. Rg1 Qe4+ 33. Rg2 Rxg2 34. Qe1 Re2+ 35. Kg1 Qg2#
0-1

[Event "FH"]
[Site "SchemingMind.com"]
[Date "2022.01.03"]
[Round "-"]
[White "Chessibelle"]
[Black "JAHI"]
[Result "0-1"]
[WhiteCountry "ENG"]
[BlackCountry "INT"]
[WhiteElo "1014"]
[WhiteRD "65"]
[BlackElo "2023"]
[BlackRD "68"]
[GameID "719129"]

1. Nf3 a6 2. d4 g6 3. g3 Bg7 4. e3 d6 5. Be2 Bh3 6. Ng5 Bg2 7. Rg1 Bc6 8. Nc3 h6 9. Nh3 e6 10. f4 Nd7
11. b3 Ne7 12. Bd3 Kf8 13. Qf3 Bxf3
0-1

[Event "FH"]
[Site "SchemingMind.com"]
[Date "2022.01.03"]
[Round "-"]
[White "Xuvmok"]
[Black "Chessibelle"]
[Result "1-0"]
[WhiteCountry "SWE"]
[BlackCountry "ENG"]
[WhiteElo "2218"]
[WhiteRD "67"]
[BlackElo "1014"]
[BlackRD "65"]
[GameID "719130"]

1. e4 e5 2. Nf3 Nc6 3. Bc4 h6 4. d4 Bd6 5. Na3 a6 6. dxe5 Nxe5 7. Nxe5 Bxe5 8. Bxf7+ Kxf7 9. Qh5+ Ke6 10. Qf5+ Kd6
11. Nc4+ Kc5 12. Be3+ Kxc4 13. Qxe5 b6 14. b3+ Kb4 15. a3#
1-0

[Event "FH"]
[Site "SchemingMind.com"]
[Date "2022.01.03"]
[Round "-"]
[White "demitri"]
[Black "Kenny Elliott"]
[Result "1-0"]
[WhiteCountry "USA"]
[BlackCountry "USA"]
[WhiteElo "1768"]
[WhiteRD "87"]
[BlackElo "1515"]
[BlackRD "74"]
[GameID "719132"]

1. d4 d5 2. Nf3 Nc6 3. c4 e6 4. e3 Nf6 5. Be2 Bb4+ 6. Nbd2 Ne4 7. O-O Bxd2 8. Bxd2 O-O 9. a3 Bd7 10. Be1 Re8
11. b4 a6 12. Rc1 b5 13. c5 a5 14. Bxb5 axb4 15. axb4 f5 16. Qc2 Qb8 17. Bxc6 Bxc6 18. Ne5 Bb5 19. f3 Bxf1 20. fxe4 Qb5
21. exf5 exf5 22. Qxf5 Bc4 23. Qf7+ Kh8 24. Qxc7 Rf8 25. Nxc4 dxc4 26. d5 Rfc8 27. Qe5 Re8 28. Qd4 Ra3 29. Bd2 h6 30. Qxc4 Qxc4
31. Rxc4 Ra2 32. Rd4 Rf8 33. h3 Ra1+ 34. Kh2 Ra2 35. Kg3 Kh7 36. d6 Ra6 37. b5 Ra1 38. d7 Rd8 39. c6 Ra7 40. e4 Rc7
41. e5 Kg6 42. Ba5
1-0

[Event "FH"]
[Site "SchemingMind.com"]
[Date "2022.01.03"]
[Round "-"]
[White "demitri"]
[Black "Derek Price"]
[Result "0-1"]
[WhiteCountry "USA"]
[BlackCountry "ENG"]
[WhiteElo "1793"]
[WhiteRD "84"]
[BlackElo "2300"]
[BlackRD "73"]
[GameID "719133"]

1. d4 d5 2. Nf3 Nf6 3. g3 c6 4. Bg2 Bf5 5. O-O e6 6. Nbd2 Bd6 7. b3 O-O 8. Nh4 Bg4 9. h3 Bh5 10. g4 Nxg4
11. Nhf3 Nf6 12. c4 Nbd7 13. Bb2 Bc7 14. Kh1 Ne8 15. Rg1 Nd6 16. Ne5 f6 17. Nxd7 Qxd7 18. Ba3 Rf7 19. Nf3 Ne4 20. Nd2 Nxf2#
0-1

[Event "FH"]
[Site "SchemingMind.com"]
[Date "2022.01.03"]
[Round "-"]
[White "Geoffrey Rosser"]
[Black "demitri"]
[Result "1/2-1/2"]
[WhiteCountry "ENG"]
[BlackCountry "USA"]
[WhiteElo "1849"]
[WhiteRD "63"]
[BlackElo "1853"]
[BlackRD "127"]
[GameID "719134"]

1. e4 e5 2. Nf3 Nc6 3. d4 exd4 4. Nxd4 d5 5. Bb5 Bd7 6. exd5 Nxd4 7. Bxd7+ Qxd7 8. Qxd4 Nf6 9. c4 b6 10. O-O O-O-O
11. Bg5 Be7 12. Nc3 Nxd5 13. Nxd5 Bxg5 14. Qe5 f6 15. Qe4 Rde8 16. Ne7+ Kb8 17. Nc6+ Kc8 18. Ne7+ Kb8 19. Nc6+=
1/2-1/2

[Event "FH"]
[Site "SchemingMind.com"]
[Date "2022.01.03"]
[Round "-"]
[White "Phillip Beckett"]
[Black "demitri"]
[Result "0-1"]
[WhiteCountry "ENG"]
[BlackCountry "USA"]
[WhiteElo "1476"]
[WhiteRD "54"]
[BlackElo "1677"]
[BlackRD "83"]
[GameID "719135"]

1. d4 Nf6 2. e3 d5 3. Bd3 c5 4. c3 e6 5. f4 cxd4 6. exd4 Bd6 7. Nf3 Nh5 8. g3 Nf6 9. Ne5 Nbd7 10. O-O O-O
11. Nd2 b6 12. Ndf3 Bb7 13. Nxd7 Qxd7 14. Ne5 Qe7 15. Ng4 Ne4 16. Ne5 f6 17. Nf3 Qf7 18. Qe2 Rae8 19. Nd2 f5 20. Bb5 Re7
21. Nf3 a6 22. Bd3 Qg6 23. Ne5 Qh6 24. Bxe4 fxe4 25. f5 Qf6 26. fxe6 Qxe6 27. Bg5 Rc7 28. Rxf8+ Kxf8 29. Rf1+ Kg8 30. Bf4 b5
31. a3 Rc8 32. Qh5 a5 33. Qg4 Qxg4 34. Nxg4 Bxf4 35. Rxf4 Rf8 36. Rxf8+ Kxf8 37. Kf2 Ke7 38. Ne5 Ke6 39. Ke3 Kf5 40. Nd7 Kg4
41. Ne5+ Kh3 42. Nf7 Kxh2 43. Ng5 h5 44. Ne6 g6 45. Nf8 Kxg3 46. Nxg6 h4 47. b4 axb4 48. axb4 h3 49. Nf4 h2 50. Ne2+ Kg4
0-1

[Event "FH"]
[Site "SchemingMind.com"]
[Date "2022.01.03"]
[Round "-"]
[White "Chessibelle"]
[Black "demitri"]
[Result "0-1"]
[WhiteCountry "ENG"]
[BlackCountry "USA"]
[WhiteElo "1014"]
[WhiteRD "65"]
[BlackElo "1853"]
[BlackRD "127"]
[GameID "719136"]

1. Nf3 Nf6 2. h3 d5 3. d4 c5 4. e3 Nc6 5. Be2 e6 6. O-O Be7 7. Nc3 O-O 8. Bd3 a6 9. e4 cxd4 10. Ne2 dxe4
11. Bxe4 Nxe4 12. Qe1 Bb4 13. c3 dxc3 14. a3 cxb2 15. Bxb2 Bxe1
0-1

[Event "FH"]
[Site "SchemingMind.com"]
[Date "2022.01.03"]
[Round "-"]
[White "JAHI"]
[Black "demitri"]
[Result "1-0"]
[WhiteCountry "INT"]
[BlackCountry "USA"]
[WhiteElo "2156"]
[WhiteRD "66"]
[BlackElo "1677"]
[BlackRD "83"]
[GameID "719137"]

1. f3 d5 2. f4 Nf6 3. Nf3 c5 4. b3 Nc6 5. Bb2 e6 6. e3 Be7 7. Bb5 Bd7 8. Bxc6 bxc6 9. Kf1 O-O 10. Kg1 a5
11. Nc3 Qc7 12. Qf1 Bc8 13. Re1 Ba6 14. d3 Rfd8 15. g3 c4 16. Nd1 cxd3 17. cxd3 Bb4 18. Nc3 a4 19. Rc1 axb3 20. axb3 Ng4
21. Nd1 Qb6 22. Qe2 Bb5 23. h3 Nh6 24. Rh2 Ra2 25. Bd4= Rxe2 26. Bxb6 Rxh2 27. Kxh2 Ra8 28. g4 Ra2+ 29. Kg3 f5 30. Nc3 Bxc3
31. Rxc3 fxg4 32. hxg4 Nf7 33. Nd4 Ra6 34. Bc7 Ra7 35. Nxe6 Ra1 36. Nd4 Rd1 37. Nxb5 cxb5 38. b4 Rb1 39. Rc5 Rxb4 40. Ba5 Rb3
41. Rc8+
1-0

[Event "FH"]
[Site "SchemingMind.com"]
[Date "2022.01.03"]
[Round "-"]
[White "demitri"]
[Black "Xuvmok"]
[Result "0-1"]
[WhiteCountry "USA"]
[BlackCountry "SWE"]
[WhiteElo "1853"]
[WhiteRD "127"]
[BlackElo "2218"]
[BlackRD "67"]
[GameID "719138"]

1. d4 d5 2. Nf3 c6 3. g3 Nf6 4. Bg2 Bf5 5. O-O e6 6. Bg5 Qb6 7. b3 Nbd7 8. c4 Ne4 9. Bf4 Be7 10. Ne5 Nxe5
11. dxe5 O-O 12. Nd2 Nc3 13. Qc1 Nxe2+
0-1